<?xml version="1.0" encoding="UTF-8"?><?xml-stylesheet type="text/xsl" href="static/style.xsl"?><OAI-PMH xmlns="http://www.openarchives.org/OAI/2.0/" xmlns:xsi="http://www.w3.org/2001/XMLSchema-instance" xsi:schemaLocation="http://www.openarchives.org/OAI/2.0/ http://www.openarchives.org/OAI/2.0/OAI-PMH.xsd"><responseDate>2026-04-14T09:06:36Z</responseDate><request verb="GetRecord" identifier="oai:www.recercat.cat:10256/27840" metadataPrefix="marc">https://recercat.cat/oai/request</request><GetRecord><record><header><identifier>oai:recercat.cat:10256/27840</identifier><datestamp>2025-12-05T14:57:32Z</datestamp><setSpec>com_2072_452955</setSpec><setSpec>com_2072_2054</setSpec><setSpec>col_2072_453073</setSpec></header><metadata><record xmlns="http://www.loc.gov/MARC21/slim" xmlns:dcterms="http://purl.org/dc/terms/" xmlns:xsi="http://www.w3.org/2001/XMLSchema-instance" xmlns:doc="http://www.lyncode.com/xoai" xsi:schemaLocation="http://www.loc.gov/MARC21/slim http://www.loc.gov/standards/marcxml/schema/MARC21slim.xsd">
   <leader>00925njm 22002777a 4500</leader>
   <datafield ind2=" " ind1=" " tag="042">
      <subfield code="a">dc</subfield>
   </datafield>
   <datafield ind2=" " ind1=" " tag="720">
      <subfield code="a">Szczeszak, Agata</subfield>
      <subfield code="e">author</subfield>
   </datafield>
   <datafield ind2=" " ind1=" " tag="720">
      <subfield code="a">Agarwal, Ayush</subfield>
      <subfield code="e">author</subfield>
   </datafield>
   <datafield ind2=" " ind1=" " tag="720">
      <subfield code="a">Torrent Fàbrega, Laura</subfield>
      <subfield code="e">author</subfield>
   </datafield>
   <datafield ind2=" " ind1=" " tag="720">
      <subfield code="a">Schuler, Albert J.</subfield>
      <subfield code="e">author</subfield>
   </datafield>
   <datafield ind2=" " ind1=" " tag="720">
      <subfield code="a">Grzyb, Tomasz</subfield>
      <subfield code="e">author</subfield>
   </datafield>
   <datafield ind2=" " ind1=" " tag="720">
      <subfield code="a">Przybylska, Dominika</subfield>
      <subfield code="e">author</subfield>
   </datafield>
   <datafield ind2=" " ind1=" " tag="720">
      <subfield code="a">Ludwig, Christian</subfield>
      <subfield code="e">author</subfield>
   </datafield>
   <datafield ind2=" " ind1=" " tag="720">
      <subfield code="a">Patil, Ajay B.</subfield>
      <subfield code="e">author</subfield>
   </datafield>
   <datafield ind2=" " ind1=" " tag="260">
      <subfield code="c">2025-04-01</subfield>
   </datafield>
   <datafield ind2=" " ind1=" " tag="520">
      <subfield code="a">Rare earth elements (REEs) are known for their specialized optical and electronic properties that have led to their use in a wide range of applications, such as luminescent fibers employed in security papers (e.g., bank notes). Most of the security documents are disposed at the end of their life, losing the raw materials. Considering REEs are listed as critical raw materials, adoption of sustainable recycling and circular economy practices are imperative for ensuring supply chains in the future and aligning with United Nations sustainable development goals. In this contribution, a recycling method consisting of leaching and solvent extraction-based separation for recovering REEs from luminescent fibers is presented. An optimization of the separation method for extracting the metals of interest (Er, Y, La, Gd, Yb, Ho, Tm, Tb, and Eu) was carried out by assessing selective extractants (di-(2-ethylhexyl) phosphoric acid (HDEHP) and N-methyl-N,N,N-trioctylammonium chloride (Al336)), the ligand concentration and the acid concentration. The former showed high selectivity and extractive performance for most of the heavy REEs (>95 %) by using the HDEHP ligand (1.0 mol/L) and adjusting the acid concentration of the aqueous solution at 0.01 mol/L with hydrochloric acid. The developed extractive metallurgy process was applied to doped REE cellulose fibers after performing a digestion, showing impressive extraction profiles in most cases (>80 %). The solvent separation method presented in this work can be employed for other classes of doped fibers after a proper optimization process and can make security fiber industry circular with its resources use</subfield>
   </datafield>
   <datafield ind2=" " ind1=" " tag="520">
      <subfield code="a">ABP thanks the Federal Office for the Environment, Switzerland (FOEN, CH, project No UTF-1011-05300) for their financial support of the present work. AA and LT thanks the Swiss National Foundation (SNSF, CH, project No 184817) and the Energy System Integration (ESI) Platform at PSI for financial support. The authors acknowledge the Łódź University of Technology for fibers preparation under grant No LIDER/39/0141/L-9/17/NCBR/2018, financed by the National Centre for Research and Development (NCRD, PL)</subfield>
   </datafield>
   <datafield ind2=" " ind1=" " tag="520">
      <subfield code="a">9</subfield>
   </datafield>
   <datafield ind1="8" ind2=" " tag="024">
      <subfield code="a">http://hdl.handle.net/10256/27840</subfield>
   </datafield>
   <datafield tag="653" ind2=" " ind1=" ">
      <subfield code="a">Economia circular</subfield>
   </datafield>
   <datafield tag="653" ind2=" " ind1=" ">
      <subfield code="a">Sostenibilitat</subfield>
   </datafield>
   <datafield tag="653" ind2=" " ind1=" ">
      <subfield code="a">Sustainability</subfield>
   </datafield>
   <datafield tag="653" ind2=" " ind1=" ">
      <subfield code="a">Metalls -- Reciclatge</subfield>
   </datafield>
   <datafield tag="653" ind2=" " ind1=" ">
      <subfield code="a">Metals -- Recycling</subfield>
   </datafield>
   <datafield ind2="0" ind1="0" tag="245">
      <subfield code="a">Recycling rare earth metals from luminescent fibers by solvent extraction</subfield>
   </datafield>
</record></metadata></record></GetRecord></OAI-PMH>